000 00395nam a22001097a 4500
082 _a900
100 _aप्रो. भगत, अरूण कुमार
_983933
245 _aआपातकाल के संस्‍मरण (खंड 1)
260 _aदिल्‍ली
_bपुष्‍पाजंलि प्र‍काशन
_c2025
650 _aइतिहास
942 _cBK
999 _c68945
_d68945